[Event "Tournoi Skype 024B"]
[Site "Skype"]
[Date "????.??.??"]
[Round "1.1"]
[White "Douichi, Mohammed"]
[Black "Teles, Jeferson Lisboa"]
[Result "1-0"]
[WhiteElo "1243"]
[BlackElo "1554"]
[PlyCount "107"]

1. e4 c6 2. Nf3 d5 3. exd5 cxd5 4. d4 Nf6 5. Bf4 g6 6. Nc3 Bg7 7. Nb5 Na6 8.
Be2 O-O 9. Qd3 Ne4 10. c3 Nd6 11. Nxd6 exd6 12. O-O Nc7 13. Bg3 Ne6 14. Qb5 a6
15. Qxd5 b5 16. Bxd6 Bb7 17. Qxb7 Qxd6 18. Qe4 Rfe8 19. Qc2 Nf4 20. Bd3 Rac8
21. Rad1 b4 22. c4 Bxd4 23. Nxd4 Qxd4 24. Bxg6 Qxc4 25. Bxh7+ Kh8 26. Qf5 Qc6
27. Qxf4 Kxh7 28. Qxf7+ Kh8 29. Qh5+ Kg7 30. Qg5+ Kh8 31. Rc1 Qb7 32. Qh6+ Kg8
33. Rxc8 Rxc8 34. Qg6+ Kh8 35. Qf6+ Kg8 36. f3 Qa7+ 37. Kh1 Rf8 38. Qe6+ Kh8
39. Qe5+ Kg8 40. Qd5+ Kh8 41. Qe5+ Kg8 42. Qg5+ Kh8 43. Qh4+ Kg8 44. Qxb4 a5
45. Qc4+ Kh8 46. Qh4+ Kg8 47. f4 Qa6 48. Re1 Qc4 49. b3 Qxf4 50. Qxf4 Rxf4 51.
Re8+ Kf7 52. Re1 Kg6 53. g3 Kg5 54. gxf4+ 1-0

[Event "Tournoi Skype 024B"]
[Site "Skype"]
[Date "????.??.??"]
[Round "1.2"]
[White "Harmelle, Dominique"]
[Black "Bustos, Ricardo"]
[Result "1-0"]
[WhiteElo "1551"]
[BlackElo "1232"]
[PlyCount "71"]

1. d4 Nf6 2. Bf4 e6 3. e3 d5 4. Nf3 Nc6 5. c3 a6 6. Nbd2 Bd6 7. Ne5 Nd7 8. Ndf3
f6 9. Nxc6 bxc6 10. Bg3 Qe7 11. Bd3 Bb7 12. Qc2 g6 13. Nh4 Bxg3 14. hxg3 O-O-O
15. Nf3 c5 16. Qe2 c4 17. Bc2 e5 18. dxe5 Nxe5 19. Nxe5 Qxe5 20. O-O-O Bc6 21.
Rd4 Bb5 22. f4 Qe7 23. Qf3 Qc5 24. Rhd1 Bc6 25. g4 Rhe8 26. Re1 Qa5 27. Kb1 Ba4
28. Qd1 Bxc2+ 29. Qxc2 Qc5 30. g3 Re6 31. f5 gxf5 32. Qxf5 Qe7 33. e4 dxe4 34.
Rdxe4 Rdd6 35. Rxe6 Rxe6 36. Rxe6 1-0

[Event "Tournoi Skype 024B"]
[Site "Skype"]
[Date "????.??.??"]
[Round "1.3"]
[White "Lecluyse, Koenraad"]
[Black "Legueltel, Daniel"]
[Result "0-1"]
[WhiteElo "1227"]
[BlackElo "1544"]
[PlyCount "54"]

1. d4 d5 2. Nf3 Nf6 3. Bf4 e6 4. e3 c6 5. Nbd2 Bd6 6. Bxd6 Qxd6 7. c3 O-O 8.
Bd3 h6 9. O-O Nbd7 10. e4 dxe4 11. Nxe4 Nxe4 12. Bxe4 Nf6 13. Bc2 b6 14. h3 Bb7
15. Qd3 c5 16. Rad1 cxd4 17. cxd4 Rac8 18. Qe2 Bxf3 19. gxf3 Rc7 20. Qe3 Rxc2
21. Qb3 Rfc8 22. Rfe1 Qd5 23. Qa3 Qb7 24. Kg2 Nd5 25. Re4 Rc1 26. Rxc1 Rxc1 27.
Re3 Nxe3+ 0-1

[Event "Tournoi Skype 024B"]
[Site "Skype"]
[Date "????.??.??"]
[Round "1.4"]
[White "Navghane, Rahul"]
[Black "Prasad, Sanjay"]
[Result "1-0"]
[WhiteElo "1482"]
[BlackElo "1219"]
[PlyCount "35"]

1. e4 e5 2. Nf3 h6 3. Bc4 d6 4. Nc3 Nf6 5. d3 c6 6. h3 Qc7 7. Be3 Be7 8. a3 O-O
9. O-O a6 10. d4 exd4 11. Qxd4 b5 12. Bb3 Re8 13. Nh4 Bd8 14. Bf4 Nh5 15. Bxd6
Qd7 16. Nf3 Be7 17. Bxf7+ Kxf7 18. Ne5+ 1-0

[Event "Tournoi Skype 024B"]
[Site "Skype"]
[Date "????.??.??"]
[Round "1.5"]
[White "Ruiz Gomez, Luz Alba"]
[Black "De Coninck, Philippe"]
[Result "0-1"]
[WhiteElo "1218"]
[BlackElo "1475"]
[PlyCount "96"]

1. d4 e5 2. c3 d5 3. dxe5 Nc6 4. Nf3 Bg4 5. Bf4 Bxf3 6. exf3 g5 7. Bg3 Bg7 8.
Bb5 Nge7 9. O-O Qd7 10. Nd2 a6 11. Ba4 O-O-O 12. Re1 Qe6 13. f4 gxf4 14. Bxf4
Bxe5 15. Qh5 Qg6 16. Qxg6 Nxg6 17. Be3 d4 18. cxd4 Nxd4 19. Rab1 f5 20. Bxd4
Bxd4 21. Bb3 Bxf2+ 22. Kxf2 Rxd2+ 23. Kg1 Nh4 24. Kf1 Rxg2 25. h3 Rf8 26. Re2
Rxe2 27. Kxe2 Re8+ 28. Kf2 f4 29. Bd5 c6 30. Bf7 Rd8 31. Re1 Rd2+ 32. Re2 Rxe2+
33. Kxe2 Kd7 34. Kf2 Kd6 35. Bg8 h6 36. Bf7 Ke5 37. Bb3 b5 38. Bd1 c5 39. Bb3
c4 40. Bc2 Kd4 41. Bd1 Kd3 42. a3 Kd2 43. Be2 Kc2 44. Bf1 Kxb2 45. Be2 c3 46.
Bd3 Kc1 47. Be4 a5 48. Bd3 Kd2 0-1

[Event "Tournoi Skype 024B"]
[Site "Skype"]
[Date "????.??.??"]
[Round "1.6"]
[White "Martin, Jean-Claude"]
[Black "Vervoort, Jean-Louis"]
[Result "1-0"]
[WhiteElo "1471"]
[BlackElo "1217"]
[PlyCount "23"]

1. d4 d5 2. c4 c6 3. Nc3 Nf6 4. Nf3 Bg4 5. Ne5 Bf5 6. Qb3 b6 7. cxd5 cxd5 8. e4
Be6 9. exd5 Nxd5 10. Bb5+ Nd7 11. Nxd7 Nxc3 12. Nf6# 1-0

[Event "Tournoi Skype 024B"]
[Site "Skype"]
[Date "????.??.??"]
[Round "1.7"]
[White "Baker, Abi"]
[Black "Pouteau, Pascal"]
[Result "0-1"]
[WhiteElo "1198"]
[BlackElo "1470"]
[PlyCount "60"]

1. c4 e5 2. Nc3 Nf6 3. e4 Bc5 4. Nf3 Nc6 5. Be2 d6 6. d3 O-O 7. Be3 Bxe3 8.
fxe3 Ng4 9. Nd5 Be6 10. d4 Bxd5 11. cxd5 Ne7 12. Qb3 Rb8 13. Nd2 Ng6 14. Bxg4
Qh4+ 15. g3 Qxg4 16. Rc1 Qd7 17. h4 h5 18. a4 a6 19. a5 f5 20. Qa3 Qf7 21. Rf1
Qd7 22. Rxc7 Qxc7 23. exf5 Rbc8 24. Ke2 exd4 25. e4 Ne5 26. Qa4 d3+ 27. Ke3
Qc5+ 28. Kf4 Ng6+ 29. Kg5 Qe3+ 30. Kxg6 Qh6# 0-1

[Event "Tournoi Skype 024B"]
[Site "Skype"]
[Date "????.??.??"]
[Round "1.8"]
[White "Malbec, Robert"]
[Black "Farfallini, Michel"]
[Result "1-0"]
[WhiteElo "1451"]
[BlackElo "1185"]
[PlyCount "75"]

1. e4 e5 2. Nf3 Nc6 3. Bc4 Be7 4. d4 d6 5. a3 exd4 6. Nxd4 Bd7 7. Nc3 Bf6 8.
Be3 Nxd4 9. Bxd4 c5 10. Bxf6 Nxf6 11. O-O O-O 12. Re1 Qc7 13. Nd5 Qd8 14. Re3
Re8 15. Nxf6+ Qxf6 16. c3 Qg6 17. Qd3 a6 18. Rae1 b5 19. Bxb5 axb5 20. Rg3 Qe6
21. Rge3 Bc6 22. e5 d5 23. f4 Qg4 24. g3 Qh3 25. R3e2 Rab8 26. Qe3 Rbd8 27.
Qxc5 Rc8 28. Qd4 Qe6 29. Rf1 b4 30. f5 Qd7 31. Rff2 bxc3 32. bxc3 Rb8 33. e6
fxe6 34. fxe6 Rxe6 35. h3 Rxe2 36. Rxe2 Qxh3 37. Qf4 d4 38. Qxb8+ 1-0

[Event "Tournoi Skype 024B"]
[Site "Skype"]
[Date "????.??.??"]
[Round "1.9"]
[White "Homme, Jim"]
[Black "Couto, Januario"]
[Result "0-1"]
[WhiteElo "1184"]
[BlackElo "1441"]
[PlyCount "58"]

1. d4 f5 2. Bf4 Nf6 3. Nf3 g6 4. e3 Bg7 5. Bd3 O-O 6. O-O d6 7. Nbd2 Qe8 8. Qe2
Nc6 9. c3 e5 10. Bg3 e4 11. Nxe4 fxe4 12. Bc4+ d5 13. Bxd5+ Nxd5 14. Ng5 Bf6
15. Nxe4 Qxe4 16. Rad1 Nce7 17. Rfe1 Nf5 18. f3 Qe7 19. Bf2 Re8 20. e4 Ng7 21.
exd5 Qxe2 22. Rxe2 Rxe2 23. Re1 Rxe1+ 24. Bxe1 Bd7 25. Bd2 Re8 26. Kf1 Nf5 27.
Bf4 Bb5+ 28. Kf2 Re7 29. Bd2 Re2+ 0-1

[Event "Tournoi Skype 024B"]
[Site "Skype"]
[Date "????.??.??"]
[Round "1.10"]
[White "Kruzeniski, Randy"]
[Black "Singh, Suryapratap"]
[Result "0-1"]
[WhiteElo "1435"]
[BlackElo "1177"]
[PlyCount "76"]

1. Nf3 Nc6 2. d4 d5 3. e3 Nf6 4. a3 e6 5. Bd3 Bd6 6. O-O e5 7. dxe5 Nxe5 8.
Nxe5 Bxe5 9. h3 O-O 10. Nd2 c6 11. Nf3 Bc7 12. b3 Re8 13. Bb2 Ne4 14. c4 dxc4
15. Bxc4 Bf5 16. Bd4 Qd6 17. Ne5 Rxe5 18. Bxe5 Qxe5 19. f4 Qe7 20. Qe1 Rd8 21.
Ra2 b5 22. Be2 Nd2 23. Bf3 Nxf1 24. Kxf1 c5 25. e4 Be6 26. Qe3 c4 27. b4 c3 28.
Rc2 Bc4+ 29. Be2 Rd1+ 30. Kf2 Bb6 31. Bxd1 Bxe3+ 32. Kxe3 Qd6 33. Be2 Bxe2 34.
Rxc3 Bc4 35. e5 Qd1 36. a4 Qe2+ 37. Kd4 Qd2+ 38. Kc5 Qd5# 0-1

[Event "Tournoi Skype 024B"]
[Site "Skype"]
[Date "????.??.??"]
[Round "1.11"]
[White "Cengiz, Ali Ekber"]
[Black "Cayo, Ana Carolina"]
[Result "0-1"]
[WhiteElo "1176"]
[BlackElo "1424"]
[PlyCount "56"]

1. e4 c6 2. d4 d5 3. e5 Bf5 4. Nc3 e6 5. Nf3 Nd7 6. a3 Ne7 7. Na2 c5 8. Be3 Rc8
9. c3 Nc6 10. Be2 Be7 11. h3 Be4 12. O-O Bxf3 13. Bxf3 O-O 14. b3 cxd4 15. cxd4
Bxa3 16. Qb1 Qb6 17. Rd1 Ne7 18. g4 Ng6 19. b4 a6 20. Bc1 Bxc1 21. Nxc1 Rc4 22.
b5 Rxd4 23. Rxd4 Qxd4 24. bxa6 bxa6 25. Rxa6 Ndxe5 26. Be2 Nf4 27. Bf1 Nf3+ 28.
Kh1 Qxf2 0-1

[Event "Tournoi Skype 024B"]
[Site "Skype"]
[Date "????.??.??"]
[Round "1.12"]
[White "Milanese, Serge"]
[Black "Yilmazer, Seher"]
[Result "1-0"]
[WhiteElo "1411"]
[BlackElo "1173"]
[PlyCount "27"]

1. e4 c6 2. d4 d5 3. e5 c5 4. Nf3 Nc6 5. h3 cxd4 6. Nxd4 Nxe5 7. Bf4 Ng6 8. Bg3
Nf6 9. Nb5 e5 10. Bd3 Nf4 11. Bxf4 exf4 12. Qe2+ Be7 13. Qe5 Qd6 14. Nxd6+ 1-0

[Event "Tournoi Skype 024B"]
[Site "Skype"]
[Date "????.??.??"]
[Round "1.13"]
[White "Alverson, Ginny"]
[Black "Duthoit, Bernard"]
[Result "0-1"]
[WhiteElo "1168"]
[BlackElo "1410"]
[PlyCount "78"]

1. Nf3 Nf6 2. d4 d5 3. e3 e6 4. Bb5+ c6 5. Be2 Nbd7 6. O-O c5 7. dxc5 Bxc5 8.
Nbd2 O-O 9. c4 Nb6 10. cxd5 Nbxd5 11. Bc4 a6 12. Bxd5 Nxd5 13. Ne5 Bd6 14. Ng4
Nf6 15. Nxf6+ Qxf6 16. Nf3 Rd8 17. Bd2 b5 18. Bc3 Qg6 19. g3 Bb7 20. Nh4 Qh6
21. Qg4 f5 22. Nxf5 exf5 23. Qd4 Rd7 24. f4 Rad8 25. Rae1 Be7 26. Qe5 Bd5 27.
Qxf5 Be6 28. Qe5 Bc4 29. Rf2 Bf6 30. Qf5 Bxc3 31. bxc3 Rd1 32. Rxd1 Rxd1+ 33.
Kg2 Be6 34. Qg5 Qh3+ 35. Kf3 Bd5+ 36. e4 Be6 37. Rb2 Rd3+ 38. Ke2 Bc4 39. Qc5
Rd5+ 0-1

[Event "Tournoi Skype 024B"]
[Site "Skype"]
[Date "????.??.??"]
[Round "1.14"]
[White "Carballo, Jorge"]
[Black "Codina, Teresa"]
[Result "1-0"]
[WhiteElo "1398"]
[BlackElo "1159"]
[PlyCount "60"]

1. d4 Nf6 2. Nf3 d5 3. Bf4 Bg4 4. e3 e6 5. Nbd2 c5 6. c3 c4 7. h3 Bxf3 8. Nxf3
Nc6 9. Be2 Be7 10. O-O O-O 11. Bg5 Qc7 12. Nd2 Ne4 13. Nxe4 dxe4 14. Bxe7 Qxe7
15. Bxc4 Rad8 16. Qc2 Na5 17. Be2 f5 18. b4 Nc6 19. Bc4 Kh8 20. Qb3 Rf6 21.
Rad1 Rb8 22. d5 Ne5 23. d6 Qf8 24. Bxe6 Rd8 25. Qd5 Nd7 26. Bxd7 Rxd7 27. Rd4
Rdxd6 28. Qxb7 Rxd4 29. cxd4 a6 30. Rc1 Rf7 1-0

[Event "Tournoi Skype 024B"]
[Site "Skype"]
[Date "????.??.??"]
[Round "1.15"]
[White "Massez, Konrad"]
[Black "Luna Perez Vico, Lorenzo"]
[Result "0-1"]
[WhiteElo "1150"]
[BlackElo "1395"]
[PlyCount "90"]

1. e4 c5 2. Nc3 Nc6 3. f4 Nd4 4. Nf3 a6 5. Ne2 Nxf3+ 6. gxf3 e6 7. d3 f5 8. b3
d5 9. exd5 exd5 10. Ng3 Nf6 11. Bb2 d4 12. Qe2+ Qe7 13. O-O-O Qxe2 14. Bxe2 Bd7
15. h4 h5 16. Rh2 Nd5 17. Re1 O-O-O 18. Bf1 g6 19. Kb1 Bd6 20. Rhe2 Bxf4 21.
Nh1 Rhe8 22. Nf2 Rxe2 23. Bxe2 Bg3 24. Rf1 Re8 25. Bd1 Ne3 26. Rg1 Bxf2 27.
Rxg6 Nxd1 28. Bc1 Bxh4 29. Rh6 Nc3+ 30. Kb2 Nd5 31. Rxh5 Bg3 32. Rh3 Bf4 33.
Rh4 Bxc1+ 34. Kxc1 Re1+ 35. Kb2 Rf1 36. c4 dxc3+ 37. Ka3 Rxf3 38. Rc4 b6 39.
Rh4 Rxd3 40. Rh8+ Kb7 41. Rh7 Nf4 42. Rh8 c2 43. Rh1 Ne2 44. Rf1 c1=Q+ 45. Rxc1
Nxc1 0-1

[Event "Tournoi Skype 024B"]
[Site "Skype"]
[Date "????.??.??"]
[Round "1.17"]
[White "Escudero Ocana, Francisco"]
[Black "Singh, Gatak"]
[Result "1-0"]
[WhiteElo "1363"]
[BlackElo "1079"]
[PlyCount "47"]

1. e4 e5 2. Nf3 Nc6 3. Bb5 Bc5 4. Bxc6 dxc6 5. d3 Qf6 6. O-O Bg4 7. Nbd2 Bxf3
8. Nxf3 Nh6 9. Bxh6 Qxh6 10. Nxe5 Bd4 11. Ng4 Qg5 12. c3 h5 13. cxd4 hxg4 14.
g3 Qh5 15. h4 g5 16. f3 gxh4 17. fxg4 Qh7 18. Kg2 hxg3 19. Rh1 Qg7 20. Rxh8+
Qxh8 21. e5 Qh2+ 22. Kf3 Qxb2 23. Qg1 Qxd4 24. Qxd4 1-0

[Event "Tournoi Skype 024B"]
[Site "Skype"]
[Date "????.??.??"]
[Round "1.18"]
[White "Berbedes, Jorgelina"]
[Black "Franca, Diego"]
[Result "0-1"]
[WhiteElo "1068"]
[BlackElo "1359"]
[PlyCount "89"]

1. d4 Nf6 2. Bf4 d5 3. h3 g6 4. Nf3 Bg7 5. e3 O-O 6. Bd3 Re8 7. O-O c5 8. dxc5
Nc6 9. a3 Nd7 10. Nbd2 Nxc5 11. Qe2 Bxb2 12. Rad1 e5 13. Rb1 Qb6 14. Bh2 e4 15.
Bxe4 dxe4 16. Nh4 Nd4 17. Qd1 Nf5 18. Nc4 Qf6 19. Nxf5 Bxf5 20. Qd5 Na4 21.
Nxb2 Nxb2 22. Qxb7 Nc4 23. Rb4 Nxa3 24. Rc1 Qg5 25. Bg3 Rec8 26. c3 a5 27. Rd4
Rc4 28. Qxa8+ Kg7 29. Rd6 Be6 30. Rd8 Rc8 31. Rxc8 Bxc8 32. Qxc8 Qe7 33. Rd1
Qf8 34. Qd7 Kh6 35. Bf4+ g5 36. Rd6+ f6 37. Bxg5+ Kxg5 38. Rd5+ Kh6 39. g4 Kg6
40. h4 Kh6 41. g5+ Kh5 42. gxf6+ Kh6 43. h5 Qg8+ 44. Kf1 Qb8 45. f7 0-1

[Event "Tournoi Skype 024B"]
[Site "Skype"]
[Date "????.??.??"]
[Round "1.19"]
[White "Morelli, Daniel"]
[Black "Mimouni, Driss"]
[Result "1-0"]
[WhiteElo "1351"]
[BlackElo "1058"]
[PlyCount "53"]

1. e4 e5 2. Nf3 Nc6 3. Bc4 d6 4. d3 Nf6 5. Ng5 Be6 6. Nxe6 fxe6 7. Bxe6 Nd4 8.
Bb3 Nxb3 9. axb3 d5 10. O-O dxe4 11. dxe4 Qxd1 12. Rxd1 Bc5 13. Nc3 Ng4 14. Rf1
O-O-O 15. h3 Nf6 16. Bg5 Rde8 17. Na4 Nxe4 18. Nxc5 Nxg5 19. Rxa7 Nxh3+ 20.
gxh3 Kd8 21. Rxb7 Kc8 22. Rd1 Rd8 23. Re1 Rhe8 24. Ra7 c6 25. Na6 Re7 26. Rxe7
g5 27. Rc7# 1-0

[Event "Tournoi Skype 024B"]
[Site "Skype"]
[Date "????.??.??"]
[Round "1.20"]
[White "Ozyuksel, Gulcan"]
[Black "De Nobrega, George"]
[Result "0-1"]
[WhiteElo "1042"]
[BlackElo "1346"]
[PlyCount "92"]

1. e4 e5 2. Nf3 d6 3. Bc4 h6 4. Nc3 Nf6 5. d3 Nc6 6. Be3 Na5 7. b3 Nxc4 8. bxc4
a6 9. Nd5 Nxd5 10. cxd5 Qf6 11. h4 Bg4 12. c3 Bxf3 13. Qxf3 Qxf3 14. gxf3 Be7
15. Ke2 Rc8 16. c4 c6 17. Rab1 Rc7 18. h5 cxd5 19. cxd5 b5 20. Rhc1 Rxc1 21.
Rxc1 O-O 22. a3 Rb8 23. Bd2 Kh7 24. Rc6 Ra8 25. f4 f6 26. f5 Kg8 27. Bb4 Kf7
28. Bxd6 Bxd6 29. Rxd6 Ke7 30. Rc6 Kd7 31. Rc1 Rb8 32. Rb1 a5 33. Ke3 b4 34. a4
b3 35. f4 Kd6 36. d4 exf4+ 37. Kxf4 Rb4 38. Ke3 b2 39. Kd2 Rxd4+ 40. Kc3 Rxa4
41. Kxb2 Rxe4 42. Kc3 Rb4 43. Rxb4 axb4+ 44. Kxb4 Kxd5 45. Kb5 Ke5 46. Kc4 Kxf5
0-1

[Event "Tournoi Skype 024B"]
[Site "Skype"]
[Date "????.??.??"]
[Round "1.21"]
[White "Khabou, Taha"]
[Black "Schnell, Nicolas"]
[Result "1-0"]
[WhiteElo "1344"]
[BlackElo "1015"]
[PlyCount "45"]

1. d4 e6 2. e4 d5 3. Nc3 Nf6 4. Bg5 Qd6 5. e5 Qd8 6. exf6 gxf6 7. Bh4 Bh6 8.
Nf3 Qd6 9. Nb5 Qf4 10. Bg3 Qe4+ 11. Be2 Nc6 12. Nxc7+ Kf8 13. Nxa8 e5 14. dxe5
f5 15. Nc7 f4 16. Bh4 Nxe5 17. Nxe5 Qxe5 18. Nxd5 Bg4 19. f3 Bf5 20. Bf6 Qe6
21. Bxh8 Qg6 22. Nxf4 Bxf4 23. Qd8# 1-0

[Event "Tournoi Skype 024B"]
[Site "Skype"]
[Date "????.??.??"]
[Round "1.22"]
[White "Tekes, Gamze"]
[Black "Torres, Vicky"]
[Result "0-1"]
[WhiteElo "1010"]
[BlackElo "1333"]
[PlyCount "84"]

1. e4 c5 2. Nf3 e6 3. d4 d5 4. exd5 exd5 5. dxc5 Nc6 6. Nc3 Nf6 7. Bd3 Bxc5 8.
O-O O-O 9. Qe2 a6 10. Ng5 Re8 11. Qf3 Nd4 12. Qg3 Ne2+ 13. Bxe2 h6 14. Nf3 d4
15. Na4 Bd6 16. Bf4 Bxf4 17. Qxf4 Rxe2 18. h3 Rxc2 19. Rfd1 Rc4 20. Rd2 Be6 21.
Rad1 Rxa4 22. a3 Nh5 23. Qh4 Qxh4 24. Nxh4 Bb3 25. Re1 Kh7 26. Re7 Bd5 27. g4
Nf4 28. Kh2 d3 29. Re3 Rc4 30. Nf3 Rc2 31. Rdxd3 Nxd3 32. Rxd3 Rxf2+ 33. Kg1
Rxf3 34. Rxd5 Rxh3 35. Kg2 Rb3 36. Rd7 f6 37. Rd2 Re8 38. Rc2 Ree3 39. Kf2 Rh3
40. Ke2 Rh2+ 41. Kd1 Rd3+ 42. Kc1 Rh1# 0-1

[Event "Tournoi Skype 024B"]
[Site "Skype"]
[Date "????.??.??"]
[Round "1.23"]
[White "Gerbaux, Regis"]
[Black "Asterio Dos Santos, Douglas"]
[Result "0-1"]
[WhiteElo "1331"]
[BlackElo "1000"]
[PlyCount "40"]

1. e4 c5 2. c3 d6 3. Nf3 e6 4. d4 Nf6 5. Bb5+ Nbd7 6. Nbd2 b6 7. h3 Bb7 8. Bd3
Be7 9. O-O O-O 10. e5 Nd5 11. Be4 Rc8 12. c4 cxd4 13. cxd5 dxe5 14. Qb3 f5 15.
dxe6 Nc5 16. Qc4 Nxe4 17. Qd3 Nxd2 18. Nxd2 Qd5 19. f3 Qxe6 20. Ne4 fxe4 0-1

[Event "Tournoi Skype 024B"]
[Site "Skype"]
[Date "????.??.??"]
[Round "1.24"]
[White "Barrionuevo, Hilario"]
[Black "Vincent, Andre"]
[Result "0-1"]
[WhiteElo "1000"]
[BlackElo "1330"]
[PlyCount "80"]

1. d4 Nf6 2. Nc3 d5 3. Bf4 Nc6 4. Nb5 e5 5. dxe5 Ne4 6. e6 Nd6 7. Nf3 Bxe6 8.
Bg5 f6 9. Bh4 Nxb5 10. e3 Nd6 11. Bd3 Be7 12. O-O O-O 13. c3 Ne5 14. Bc2 Nxf3+
15. Qxf3 Qe8 16. Rfe1 c6 17. Qe2 f5 18. Bg3 Ne4 19. Bf4 Rd8 20. h3 Bh4 21. g3
Qg6 22. Qf3 Nd2 23. Qe2 Ne4 24. Qf3 Bg5 25. h4 Bxh4 26. Qg2 Bg5 27. f3 Bxf4 28.
exf4 Nxg3 29. Kf2 Ne4+ 30. fxe4 Qxg2+ 31. Kxg2 fxe4 32. Rf1 Rf5 33. Rad1 Rdf8
34. Rf2 Rxf4 35. Rdf1 g5 36. Bd1 g4 37. Kg1 e3 38. Rg2 Rxf1+ 39. Kh2 Rxd1 40.
c4 Rf2 0-1

[Event "Tournoi Skype 024B"]
[Site "Skype"]
[Date "????.??.??"]
[Round "1.25"]
[White "Castellar, Juarez Iorio"]
[Black "Borkar, Sagar"]
[Result "1-0"]
[WhiteElo "1324"]
[BlackElo "1000"]
[PlyCount "41"]

1. d4 b6 2. Bf4 Bb7 3. e3 Bxg2 4. Bxg2 Nc6 5. Bxc6 dxc6 6. Nf3 Nf6 7. Nbd2 e6
8. c3 Bd6 9. Bg3 O-O 10. Ne5 c5 11. Bh4 Bxe5 12. dxe5 Qd5 13. Rg1 Qxe5 14. Bxf6
Qxf6 15. Qg4 Rad8 16. O-O-O e5 17. Ne4 Rxd1+ 18. Kxd1 Rd8+ 19. Ke2 Qh6 20. Rd1
Rxd1 21. Qc8+ 1-0

[Event "Tournoi Skype 024B"]
[Site "Skype"]
[Date "????.??.??"]
[Round "1.26"]
[White "Calderon, Francisco"]
[Black "Silva, Givson"]
[Result "1-0"]
[WhiteElo "1000"]
[BlackElo "1320"]
[PlyCount "103"]

1. e4 e6 2. Nf3 c5 3. d4 d5 4. exd5 exd5 5. Be3 Qb6 6. b3 Nf6 7. dxc5 Bxc5 8.
Bxc5 Qxc5 9. Bd3 Bd7 10. Qe2+ Qe7 11. Qxe7+ Kxe7 12. O-O Nc6 13. c3 Rae8 14.
Nbd2 g6 15. Rae1+ Kf8 16. Rxe8+ Kxe8 17. Re1+ Kd8 18. h3 Re8 19. Rxe8+ Bxe8 20.
g4 Bd7 21. Nf1 Ne8 22. Ng5 f5 23. gxf5 Bxf5 24. Bxf5 gxf5 25. Nxh7 Nf6 26. Nxf6
Ke7 27. Nxd5+ Ke6 28. c4 Ke5 29. Kg2 a6 30. f3 b5 31. f4+ Ke6 32. Nc7+ Kd6 33.
Nxa6 bxc4 34. bxc4 Na5 35. Ne3 Ke6 36. h4 Kf6 37. h5 Nb7 38. c5 Nd8 39. Nd5+
Kg7 40. Kh3 Kh6 41. Kh4 Nc6 42. Ne3 Ne7 43. c6 Nxc6 44. Nxf5+ Kh7 45. Kg5 Nd8
46. Nc7 Nc6 47. Ne8 Nb4 48. Nf6+ Kh8 49. a4 Na6 50. Kg6 Nc7 51. Nh6 Ne6 52.
Nf7# 1-0

[Event "Tournoi Skype 024B"]
[Site "Skype"]
[Date "????.??.??"]
[Round "1.28"]
[White "Conde, Carmen"]
[Black "Almiron, Patricia"]
[Result "0-1"]
[WhiteElo "1000"]
[BlackElo "1304"]
[PlyCount "106"]

1. e4 g6 2. d4 d6 3. Nc3 Bg7 4. h3 Qd7 5. Nf3 a6 6. Nd5 e6 7. Nb4 Nf6 8. Bd3
O-O 9. Be3 Qa4 10. Qd2 a5 11. b3 Qxb4 12. c3 Qb6 13. d5 c5 14. dxe6 Bxe6 15.
O-O Qc6 16. c4 Nxe4 17. Nd4 Nxd2 18. Nxc6 Nxf1 19. Ne7+ Kh8 20. Rxf1 Re8 21.
Nd5 Bxd5 22. cxd5 Re5 23. Bc4 Nd7 24. Bf4 Re4 25. Bxd6 Nb6 26. Bd3 Rd4 27. Be2
Rxd5 28. Bc7 Rd2 29. Bf3 Nd5 30. Bd6 a4 31. Bxc5 Rc8 32. b4 Nc3 33. Re1 b5 34.
Re7 Nxa2 35. Rxf7 Kg8 36. Rb7 h5 37. Rxb5 Rd3 38. Be4 Rd1+ 39. Kh2 Nc3 40. Rb6
Nxe4 41. Be3 Nf6 42. b5 Rb1 43. h4 Ng4+ 44. Kg3 Nxe3 45. fxe3 Re8 46. Kf3 Rb3
47. Kf4 Bh6+ 48. Kf3 Rexe3+ 49. Kf2 Rb2+ 50. Kg1 Rb1+ 51. Kh2 Bf4+ 52. g3 Bxg3+
53. Kh3 Rh1+ 0-1

[Event "Tournoi Skype 024B"]
[Site "Skype"]
[Date "????.??.??"]
[Round "1.29"]
[White "Scata, Laura"]
[Black "Grib, Jessica"]
[Result "1-0"]
[WhiteElo "1304"]
[BlackElo "1000"]
[PlyCount "61"]

1. d4 Nc6 2. Bf4 d6 3. h3 e5 4. dxe5 d5 5. Nf3 Bb4+ 6. c3 Bc5 7. e3 Nge7 8. Bd3
g6 9. Nbd2 f6 10. exf6 Nf5 11. e4 dxe4 12. Nxe4 O-O 13. Nxc5 Rxf6 14. Qb3+ Kh8
15. O-O b6 16. Ne4 Rf8 17. Bb5 Nce7 18. Be5+ Ng7 19. Nfg5 h6 20. Ne6 Bxe6 21.
Qxe6 a6 22. Bc6 Rb8 23. Rad1 Qc8 24. Qxe7 Rg8 25. Rd7 Qf8 26. Bd5 Kh7 27. Bxg8+
Qxg8 28. Nf6+ Kh8 29. Nxg8 Rxg8 30. Bxg7+ Rxg7 31. Qxg7# 1-0

[Event "Tournoi Skype 024B"]
[Site "Skype"]
[Date "????.??.??"]
[Round "1.30"]
[White "Kulak, Serdar"]
[Black "Erten, Ozlem"]
[Result "0-1"]
[WhiteElo "1000"]
[BlackElo "1302"]
[PlyCount "68"]

1. e4 c6 2. c3 d5 3. e5 Bf5 4. g4 Be4 5. f3 Bxb1 6. Rxb1 e6 7. f4 Ne7 8. g5 Ng6
9. Bd3 Nxf4 10. c4 Nxd3+ 11. Kf1 Nxe5 12. Nh3 dxc4 13. Qe2 Qd5 14. b4 Qxh1+ 15.
Ng1 Bd6 16. d4 cxd3 17. Qg2 Qxg2+ 18. Kxg2 Ng4 19. h3 Ne5 20. Bb2 Na6 21. h4
Nxb4 22. a3 Nc2 23. Rc1 d2 24. h5 dxc1=Q 25. Bxc1 O-O-O 26. g6 hxg6 27. hxg6
Nxg6 28. Nh3 Bc5 29. Ng5 Rd1 30. Bb2 Ne3+ 31. Kf3 Rd3 32. Nxf7 Nd1+ 33. Ke2
Nf4+ 34. Ke1 Rh1# 0-1

[Event "Tournoi Skype 024B"]
[Site "Skype"]
[Date "????.??.??"]
[Round "1.31"]
[White "Khatanhar, Mohit"]
[Black "Kumbhar, Ashok"]
[Result "1/2-1/2"]
[WhiteElo "1299"]
[BlackElo "1000"]
[PlyCount "56"]

1. e4 e5 2. Nf3 Nc6 3. d3 Bc5 4. Qd2 Nf6 5. Qe2 h6 6. Be3 Bxe3 7. Qxe3 d6 8. h3
O-O 9. Be2 Nb4 10. Qd2 c5 11. c3 Nc6 12. d4 cxd4 13. cxd4 Nxe4 14. Qe3 Bf5 15.
O-O Re8 16. dxe5 dxe5 17. Nc3 Nb4 18. Rac1 Nxc3 19. Qxc3 Nxa2 20. Qe3 Nxc1 21.
Rxc1 a6 22. Rd1 Qf6 23. Nh2 b5 24. Ng4 Qg6 25. Nh2 h5 26. Re1 b4 27. b3 a5 28.
Bb5 Re7 1/2-1/2

[Event "Tournoi Skype 024B"]
[Site "Skype"]
[Date "????.??.??"]
[Round "1.32"]
[White "Latterra, Jeremias"]
[Black "Yanez, Leticia Jorgelina"]
[Result "0-1"]
[WhiteElo "1000"]
[BlackElo "1293"]
[PlyCount "62"]

1. d4 Nf6 2. c4 g6 3. Nc3 Bg7 4. Nf3 d6 5. e3 Nbd7 6. Bd3 b6 7. O-O Bb7 8. e4
e5 9. Bg5 Qe7 10. Nd5 Bxd5 11. cxd5 O-O-O 12. Qa4 Kb8 13. Bb5 h6 14. Bxf6 Bxf6
15. Rac1 exd4 16. Nxd4 Bxd4 17. Qxd4 Nc5 18. e5 dxe5 19. Qc4 Rd6 20. Rfe1 Rhd8
21. f4 Rxd5 22. b4 Rd4 23. Qf1 Rxf4 24. Qe2 Rxb4 25. Bc6 Rd6 26. Rxc5 bxc5 27.
Qa6 Rxc6 28. Qxc6 Rb6 29. Qa4 f6 30. Re4 Rb4 31. Rxb4+ cxb4 0-1

[Event "Tournoi Skype 024B"]
[Site "Skype"]
[Date "????.??.??"]
[Round "1.33"]
[White "Moumtaz, Abderrahim"]
[Black "Lucena Vaz, Jose"]
[Result "0-1"]
[WhiteElo "1292"]
[BlackElo "1000"]
[PlyCount "82"]

1. d4 Nf6 2. c4 g6 3. Nf3 Bg7 4. Nc3 d6 5. e3 Nbd7 6. Bd3 O-O 7. O-O Re8 8. e4
e5 9. Re1 a6 10. Bg5 c5 11. dxe5 dxe5 12. Nd5 Nf8 13. Qc2 Bg4 14. Be2 Bxf3 15.
Bxf3 Ne6 16. Be3 Nd4 17. Bxd4 cxd4 18. Rad1 Rc8 19. Ne3 Qc7 20. Nd5 Qc5 21.
Nxf6+ Bxf6 22. Rc1 Bg5 23. Bg4 Rc7 24. Rcd1 Qxc4 25. Qxc4 Rxc4 26. Re2 Rd8 27.
a3 b5 28. h3 d3 29. Ree1 d2 30. Rf1 Rc1 31. Be2 Rd4 32. f3 Bf4 33. Kh1 Rc2 34.
Rb1 Rc1 35. Rd1 Rxd1+ 36. Rxd1 Rd7 37. Kg1 Rc7 38. Kf2 Kg7 39. g3 Bg5 40. f4
exf4 41. Rxd2 fxg3+ 0-1

[Event "Tournoi Skype 024B"]
[Site "Skype"]
[Date "????.??.??"]
[Round "1.34"]
[White "Marty, Yvette"]
[Black "Amato, Ludovica"]
[Result "0-1"]
[WhiteElo "1000"]
[BlackElo "1289"]
[PlyCount "24"]

1. e4 e5 2. Nf3 Nf6 3. d3 d6 4. Nbd2 Be7 5. Nb3 Nc6 6. g3 O-O 7. Bg2 d5 8. Ng5
h6 9. Nf3 dxe4 10. Qe2 exf3 11. Qxf3 Nb4 12. Qe3 Nxc2+ 0-1